LEADER 01383nas 2200445-a 450 001 996212730903316 005 20160414032510.6 011 $a1609-1159 035 $a(OCoLC)55042905 035 $a(CKB)111077820651190 035 $a(CONSER)--2004257060 100 $a20040428b19932005 s-- - 101 0 $aeng 135 $aurcn||||||||| 181 $ctxt$2rdacontent 182 $cc$2rdamedia 183 $acr$2rdacarrier 200 10$aDiffusion 210 $aGrand-Saconnex (Geneva), Switzerland $cEuropean Broadcasting Union 311 $a1021-3465 517 1 $aDiffusion EBU 606 $aTelevision broadcasting$zEurope$vPeriodicals 606 $aRadio broadcasting$zEurope$vPeriodicals 606 $aPublic broadcasting$zEurope$vPeriodicals 606 $aPublic broadcasting$2fast$3(OCoLC)fst01082080 606 $aRadio broadcasting$2fast$3(OCoLC)fst01087224 606 $aTelevision broadcasting$2fast$3(OCoLC)fst01146714 607 $aEurope$2fast 608 $aPeriodicals.$2fast 615 0$aTelevision broadcasting 615 0$aRadio broadcasting 615 0$aPublic broadcasting 615 7$aPublic broadcasting. 615 7$aRadio broadcasting. 615 7$aTelevision broadcasting. 712 02$aEuropean Broadcasting Union. 906 $aJOURNAL 912 $a996212730903316 996 $aDIFFUSION$9134703 997 $aUNISA LEADER 01359nas 2200457- 450 001 9910410658703321 005 20240917213020.0 011 $a2183-4016 035 $a(OCoLC)1182822868 035 $a(CKB)1000000000416980 035 $a(CONSER)--2021227904 035 $a(DE-599)ZDB3010717-9 035 $a(EXLCZ)991000000000416980 100 $a19921023a19uu9999 --- - 101 0 $apor 135 $aur||||||||||| 181 $ctxt$2rdacontent 182 $cc$2rdamedia 183 $acr$2rdacarrier 200 10$aCadernos de geografia 210 1$aCoimbra, Portugal :$cUniversidade de Coimbra, Departamento de Geografia e Turismo 215 $a1 online resource 300 $aRefereed/Peer-reviewed 311 08$a0871-1623 606 $aGeography$vPeriodicals 606 $aGeography$zBrazil$vPeriodicals 606 $aGeography$2fast$3(OCoLC)fst00940469 606 $aGéographie$vPériodiques 606 $aGéographie$zBrésil$vPériodiques 607 $aBrazil$2fast 608 $aPeriodicals.$2fast 615 0$aGeography 615 0$aGeography 615 7$aGeography. 615 6$aGéographie 615 6$aGéographie 712 02$aUniversidade de Coimbra.$bDepartamento de Geografia e Turismo, 906 $aJOURNAL 912 $a9910410658703321 996 $aCadernos de geografia$92574185 997 $aUNINA